000 00716nam a22001935i 4500
001 160260
003 ES-MaACL
005 20250702193805.0
008 040922s1866 fr |||| | fre d
040 _aCAM
_bspa
_cCAM
100 1 _aMortimer-Ternaux.
_9130227
245 1 0 _aHistoire de la Terreur, 1792-1794
_b: d'après des documents authentiques et inédits /
_cpar Mortimer-Ternaux.
250 _a2e éd.
260 _aParis :
_bMichel Lévy frères libraires-éditeurs,
_c1866 (
_fImprimerie J. Claye)
300 _av. ;
_c22 cm.
651 7 _aFrancia-
_xHistoria-
_y1792-1795, Convención nacional
_2
_9152879
852 _aES-MaACL
_jF-5690
_z-- Enc. hol.
_q-- Sólo t.V (573 p.)
999 _c160260
_d160260